| 000 | 00869nam a2200253 a 4500 | ||
|---|---|---|---|
| 001 | BRL_703 | ||
| 005 | 20190320210848.0 | ||
| 008 | 270913s1930----enk#######---#000-0#eng-# | ||
| 041 | _aeng | ||
| 044 | _aenk | ||
| 050 | 4 |
_aPT2653 _b.F36 1930 |
|
| 245 | 1 | 0 | _aFamous novels of to-day |
| 260 |
_aLondon _bVictor Gollancz _c[ca. 1930] |
||
| 300 |
_a1296 p. _c19 cm. |
||
| 500 | _aAu781 | ||
| 505 | 0 | _aContenido: Red Wagon / by Lady Eleanor Smith - St. Christopher´s day / by Martin Armstrong - Dewer Wind / by L.A.G. Strong - Frolic Wind / by Richard Oke. | |
| 650 | 1 | 4 |
_aLiteratura Alemana _vNovela _922844 |
| 700 | 1 |
_aSmith, Eleanor Furneaux _cLady _tRed wagon _924686 |
|
| 700 | 1 |
_aOke, Richard _tFrolic Wind _924687 |
|
| 700 | 1 |
_aStrong, L.A.G. _tDewer Rides _924688 |
|
| 700 | 1 |
_aArmstrong, Martin _tSt. Christopher´s Day _924689 |
|
| 902 | _aGRL | ||
| 942 |
_2lcc _cB |
||
| 999 |
_c9515 _d9515 |
||